[Event "SWE-chT 1617"]
[Site "Sweden"]
[Date "2016.10.16"]
[Round "3.4"]
[White "Smith, Axel"]
[Black "Lyrberg, Patrik"]
[Result "1/2-1/2"]
[WhiteElo "2506"]
[BlackElo "2460"]
[PlyCount "120"]
[EventDate "2016.10.14"]
[EventType "team-tourn"]
[EventRounds "9"]
[EventCountry "SWE"]
[SourceTitle "EXT 2017"]
[Source "ChessBase"]
[SourceDate "2016.10.25"]
[SourceVersion "1"]
[SourceVersionDate "2016.10.25"]
[SourceQuality "1"]
[WhiteTeam "Lunds"]
[BlackTeam "Kungstornet"]
[WhiteTeamCountry "SWE"]
[BlackTeamCountry "SWE"]

1. d4 e6 2. Nf3 c5 3. e3 d5 4. c4 Nc6 5. a3 Nf6 6. dxc5 Bxc5 7. b4 Be7 8. Bb2 0-0 9. Nbd2 a6 10. Rc1 Bd7 11. Bd3 Qb8 12. 0-0 Rd8 13. Qc2 h6 14. Rfd1 Be8 15. cxd5 Nxd5 16. Ne4 b6 17. Qe2 Qb7 18. Rd2 Nc7 19. Rdc2 Nb5 20. Ng3 Nd6 21. e4 b5 22. e5 Nc4 23. Qe4 Rxd3 24. Qxd3 a5 25. bxa5 N6xa5 26. Rb1 Rd8 27. Qe2 Bxa3 28. Bc3 Bc6 29. Qe1 Ra8 30. Nd4 Be8 31. Ne4 Qd5 32. Rd1 b4 33. Nb3 Qc6 34. Bxb4 Bxb4 35. Nxa5 Nxa5 36. Rxc6 Bxe1 37. Rc7 Bb4 38. Nd6 Bc6 39. Nxf7 Bd5 40. Nd6 Nc6 41. Rc8+ Rxc8 42. Nxc8 Nxe5 43. Nb6 Bc6 44. Rc1 Bb5 45. Rc7 Kh7 46. Nc8 Nd3 47. Na7 Ba4 48. Kf1 Bc5 49. Ke2 Nf4+ 50. Kf1 Bd6 51. Rc3 Bb8 52. Ra3 Bd7 53. Ra6 Nd5 54. Nc6 Be5 55. Kg1 Bc3 56. Ne7 Bb4 57. Nc6 Bc3 58. Ne7 Bb4 59. Nc6 Bc3 60. Ne7 Bb4 1/2-1/2

[Event "SWE-chT 1516"]
[Site "Sweden"]
[Date "2016.03.18"]
[Round "7.3"]
[White "Hultin, Johan"]
[Black "Lyrberg, Patrik"]
[Result "1-0"]
[WhiteElo "2312"]
[BlackElo "2473"]
[PlyCount "88"]
[EventDate "2015.11.06"]
[EventType "team-tourn"]
[EventRounds "9"]
[EventCountry "SWE"]
[SourceTitle "EXT 2017"]
[Source "ChessBase"]
[SourceDate "2016.10.25"]
[SourceVersion "1"]
[SourceVersionDate "2016.10.25"]
[SourceQuality "1"]
[WhiteTeam "Manhem"]
[BlackTeam "Kungstornet"]
[WhiteTeamCountry "SWE"]
[BlackTeamCountry "SWE"]

1. d4 Nf6 2. c4 e6 3. Nc3 Bb4 4. e3 0-0 5. Nge2 d6 6. a3 Bxc3+ 7. Nxc3 e5 8. Be2 Re8 9. 0-0 e4 10. f3 Bf5 11. f4 Qc8 12. h3 h5 13. Kh2 c6 14. Bd2 d5 15. cxd5 cxd5 16. Bxh5 g6 17. Be2 Kg7 18. g4 Rh8 19. Rg1 Bd7 20. Rg3 Nc6 21. Rc1 Rh4 22. Kg2 Qh8 23. f5 gxf5 24. g5 Rg8 25. gxf6+ Kf8 26. Rxg8+ Qxg8+ 27. Kf2 f4 28. Qg1 Be6 29. Qxg8+ Kxg8 30. Rg1+ Kf8 31. Bg4 f3 32. Kg3 Rh6 33. Nb5 Rxf6 34. Nc7 Bxg4 35. hxg4 Rd6 36. Rc1 Kg8 37. Be1 Rd7 38. Ne8 Kf8 39. Nf6 Rd6 40. g5 Rd8 41. Rc5 Ne7 42. Kg4 b6 43. Rc7 a5 44. Bg3 Nc8 1-0

[Event "SWE-chT 1516"]
[Site "Sweden"]
[Date "2016.02.27"]
[Round "6"]
[White "Akesson, Ralf"]
[Black "Lyrberg, Patrik"]
[Result "1-0"]
[WhiteElo "2435"]
[BlackElo "2473"]
[PlyCount "81"]
[EventDate "2015.11.06"]
[EventType "team-tourn"]
[EventRounds "9"]
[EventCountry "SWE"]
[SourceTitle "EXT 2018"]
[Source "ChessBase"]
[SourceDate "2017.10.13"]
[SourceVersion "1"]
[SourceVersionDate "2017.10.13"]
[SourceQuality "1"]
[WhiteTeam "Vasteras"]
[BlackTeam "Kungstornet"]
[WhiteTeamCountry "SWE"]
[BlackTeamCountry "SWE"]

1. Nf3 e6 2. c4 f5 3. g3 Nf6 4. Bg2 Nc6 5. d4 Bb4+ 6. Nbd2 d6 7. 0-0 Bxd2 8. Qxd2 a5 9. d5 exd5 10. cxd5 Ne7 11. Ng5 h6 12. Nh3 c6 13. dxc6 bxc6 14. Rd1 d5 15. Nf4 0-0 16. Qc2 Qe8 17. Be3 g5 18. Nd3 f4 19. Bc5 Bf5 20. Qc3 Be4 21. f3 fxg3 22. hxg3 Bh7 23. Ne5 Nh5 24. Ng4 Bg6 25. Qa3 Nf5 26. Bxf8 Qxf8 27. Qxf8+ Rxf8 28. Ne5 Ne7 29. Kh1 Be8 30. Rac1 Ng7 31. Rc5 Rf5 32. Nd3 h5 33. Rxa5 h4 34. Bh3 Rf8 35. gxh4 gxh4 36. Rg1 Kh8 37. Ne5 Nef5 38. Rc5 Ne3 39. Nd7 Rg8 40. Nf6 Bf7 41. Nxg8 1-0